000
00302nam a2200121Ia 4500
008
190216s9999||||xx |||||||||||||| ||und||
100
_a
Dominic Raj M
245
2
_a
A Variety Of Modern Stories
260
_b
Macmillan India Ltd
_c
1980
300
_a
124p
650
_a
English Short Stories
942
_c
BK
999
_c
13156
_d
13156